[Event "Norway Chess 2nd"]
[Site "Stavanger"]
[Date "2014.06.13"]
[Round "9"]
[White "Carlsen, Magnus"]
[Black "Agdestein, Simen"]
[Result "1-0"]
[WhiteElo "2881"]
[BlackElo "2628"]
[Annotator "Roiz,M"]
[PlyCount "107"]
[EventDate "2014.06.03"]
[EventType "tourn"]
[EventRounds "9"]
[EventCountry "NOR"]
[EventCategory "21"]
[SourceTitle "CBM 161"]
[Source "ChessBase"]
[SourceDate "2014.07.16"]
[SourceVersion "1"]
[SourceVersionDate "2014.07.16"]
[SourceQuality "1"]

1. d4 Nf6 2. c4 e6 3. Nf3 b6 4. g3 Ba6 5. b3 d5 6. Bg2 Bb4+ 7. Bd2 Bd6 {
Quite a rare system. Black doesn't want to lock the e-file by playing 7...Be7.
However, White is not obliged to release the pressure.} 8. Nc3 $1 {8. cxd5 is
much more popular, but the text move poses more problems.} (8. cxd5 exd5 9. O-O
O-O 10. Nc3 Nbd7 {leads to a long strategic fight. This position can also
arise after 6.cxd5 and gives Black satisfactory results.}) 8... O-O ({In the
preceding game Vishy was able to secure a stable edge:} 8... c6 9. O-O O-O 10.
e4 Nxe4 11. Nxe4 dxe4 12. Ng5 Be7 13. Nxe4 Nd7 14. Bf4 Nf6 15. Qc2 Rc8 16. Rfd1
$14 {1-0 Anand,V (2770)-Granda Zuniga,J (2630)/Madrid 1998/CBM 065/[Avrukh,B] 
(39)}) 9. O-O dxc4 $6 $146 {A novelty in a rather rare position. This new
approach is not successful, since White's pressure along the h1-a8 diagonal is
too strong.} ({Black cannot avoid an inferior position after} 9... Nbd7 {
either:} 10. e4 Nxe4 11. Nxe4 dxe4 12. Ng5 Nf6 (12... Be7 13. Nxe4 Bb7 14. Qc2
$14 {1/2-1/2 Pinheiro,J (2288)-Spraggett,K (2501)/Lisbon 2000/CBM 079 ext (14)}
) 13. Nxe4 Nxe4 14. Bxe4 Rb8 15. Qc2 $14) (9... c6 {leads to the above
mentioned game of Anand.}) 10. Ne5 c6 (10... Bxe5 {didn't work in view of:} 11.
dxe5 Nd5 12. Nxd5 $1 exd5 13. Bb4 c5 14. Bxc5 bxc5 15. Bxd5 Nc6 16. Bxc6 $16 {
and White is just a pawn up.}) 11. bxc4 $1 {The most ambitious way: White
keeps the knight on e5, and it delays Black's development.} ({The quiet
alternative} 11. Nxc4 Be7 12. e3 Qc7 13. Rc1 Nbd7 14. Re1 Rad8 15. a4 $14 {
also leads to a safe advantage.}) 11... Qc7 ({Grabbing a pawn by means of:} 
11... Bxe5 12. dxe5 Ng4 13. Bf4 Qxd1 14. Rfxd1 Bxc4 15. h3 Nh6 16. g4 $16 {
is not recommended, since almost all Black's pieces are out of play.}) 12. Bf4
{This natural move seems inaccurate, since Black may exploit the vulnerable
position of White's bishop and ease the pressure.} ({A stronger move was:} 12.
f4 $1 Bb7 13. e4 Rd8 14. Qc2 $16 {with a clear advantage due to a strong pawn
centre.}) 12... Bb7 ({Correctly avoiding} 12... Nbd7 13. Nxc6 Bxf4 14. gxf4
Qxf4 15. e3 Qd6 16. Nb5 Bxb5 17. cxb5 $16) ({But the immediate} 12... Nh5 $5 {
comes into consideration, since after} 13. Be3 Bxe5 14. dxe5 Qxe5 15. Qb3 Nd7
16. Bxc6 Rad8 $14 {Black's position is not that bad.}) 13. Rc1 Nh5 ({Again
avoiding a nice tactical trap:} 13... Nbd7 14. Nb5 $1 cxb5 15. cxb5 Nc5 (15...
Qb8 16. Nxd7 Nxd7 17. Bxd6 Qxd6 18. Bxb7 $18) 16. dxc5 bxc5 17. Bxb7 Rad8 18.
Bc6 Bxe5 19. Bxe5 Qxe5 20. Qa4 $16) 14. Ne4 $6 {Exchanging the strong Bf4
would definitely ease Simen's task.} ({Much stronger was} 14. Be3 Bxe5 15. dxe5
Qxe5 16. c5 $36 {with a powerful initiative for the sacrificed pawn.}) 14...
Nxf4 {The most natural response.} ({However, it was possible to delay it by
means of} 14... c5 $5 15. d5 (15. Nxd6 Bxg2 16. Kxg2 Nxf4+ 17. gxf4 Qxd6 $11) (
15. Qd3 f6 16. dxc5 Nxf4 $1 (16... Bxe5 $6 17. Bxe5 Qxe5 (17... fxe5 18. Ng5
Nf6 19. Nxe6 Qe7 20. Nxf8 Kxf8 21. Bxb7 Qxb7 22. Rfd1 $36) 18. Ng5 fxg5 19.
Bxb7 $14) 17. gxf4 Be7 18. Nf3 bxc5 $11) 15... Nxf4 16. gxf4 Bxe5 17. fxe5 Qxe5
18. f4 Qc7 $132) 15. gxf4 c5 16. Qd3 {Now Magnus has an unpleasant threat, so
Black has to simplify.} Bxe5 ({Of course, not} 16... cxd4 $2 17. Ng5 g6 18. Qh3
h5 19. Bxb7 Qxb7 20. Nxg6 fxg6 21. Qxe6+ $18) 17. Ng5 (17. dxe5 Nc6 18. Rfd1
Rad8 19. Nd6 Nb4 20. Qa3 Bxg2 21. Kxg2 f6 $132) 17... g6 18. Qh3 h5 19. dxe5
Nc6 $1 {Simen is on top!} ({Correctly refusing} 19... Bxg2 $6 20. Qxg2 Nc6 21.
Ne4 Rfd8 22. Qg5 $40 {and White develops a strong attack.}) 20. Ne4 (20. e3 Na5
21. Bf3 Kg7 22. Qg2 Rad8 $11) 20... Nd4 21. Nf6+ Kg7 {The king is somewhat
exposed, but White's attacking potential is not great.} 22. Rfe1 Nf5 {Freeing
a a way for the rooks.} ({After} 22... Rh8 23. e3 Nf5 24. Rc3 Rad8 25. e4 Nd4
26. Bf1 Kf8 27. Qh4 $14 {Black's position is solid, but rather passive.}) 23.
Rc3 Rh8 (23... Rfd8 $5 24. e4 Nd4 25. Rg3 Rh8 26. Qh4 $14) 24. Rd1 Rad8 25.
Rcd3 Rd4 $6 {A serious inaccuracy. Provoking e2-e3 is not a good idea, since
that is an important prophylactic move.} ({Instead, Simen should have opted
for:} 25... Nd4 26. e3 (26. Kf1 Ba6 27. Rc1 Bb7) 26... Ne2+ 27. Kf1 Nc3 28.
Rxd8 (28. R1d2 Nb1 $1 29. Rxd8 Rxd8 30. Rxd8 Bxg2+ 31. Qxg2 Qxd8 $11) 28...
Rxd8 29. Rxd8 Bxg2+ 30. Kxg2 Qxd8 31. Qf3 Nxa2 32. Qb7 Nb4 33. Qxa7 Nc2 $132) (
{Or} 25... Rxd3 26. Qxd3 Bxg2 27. Kxg2 Qc6+ 28. Kg1 Qa4 $132) 26. e3 Rxd3 27.
Rxd3 Bxg2 ({Too passive is} 27... Bc8 28. Be4 b5 29. cxb5 Qa5 30. Bc6 $36) 28.
Qxg2 Rd8 29. Kf1 ({It was possible to grab a pawn:} 29. Nxh5+ $5 Kf8 30. Rxd8+
Qxd8 31. Nf6 a6 32. Qf3 b5 $14 {In the resulting position Black doesn't have
sufficient compensation for the pawn, but it would be very difficult for White
to make any progress.}) 29... Kf8 (29... Rxd3 $4 30. Ne8+) 30. Rxd8+ Qxd8 31.
Ke2 {Just in time! White is covering all the squares along the d-file, so
Black is doomed to a passive defence.} Qc8 $1 (31... Ne7 32. Qb7 $16) 32. a3 {
A useful prophylactic move - the pawn is somewhat less vulnerable now.} Ke7 (
32... Ne7 33. Qg5 Ng8 34. Ne4 Kg7 35. Nd6 Qa6 36. Qd8 Qxa3 37. h3 $36) 33. h3
Kd8 34. Qe4 Kc7 {Simen decides to keep the king on the q-side.} ({A waiting
strategy was possible as well:} 34... Ke7 $5 35. Qd3 Qc6 36. Kd2 Qb7 {and
Black has good drawish chances.}) 35. Nh7 Qe8 36. Ng5 {Keeping an eye on the
weak Pf7.} b5 $6 {The first step in a wrong direction - there was no need to
change the character of the position.} ({After the correct} 36... Qd7 $1 37.
Ke1 (37. Qa8 Qa4 $132) 37... a6 38. Ke2 Kb8 {Black's position seems very solid.
}) 37. Qd3 (37. cxb5 $5 Qxb5+ 38. Qd3 Qb2+ 39. Kf3 Qb7+ 40. Ne4 $14) 37... a6
38. Kd2 {White has all the time in the world, since Black has no active
possibilities.} Kb6 39. Kc3 Qe7 40. Ne4 {Now the Pb5 is a new target for White.
} Qc7 (40... Qe8 41. Kb3 Qc8 42. Nc3 $14) 41. Kb3 Kc6 (41... Qe7 42. Nc3 Qe8
$14) 42. Nc3 bxc4+ $2 {This leads to a very difficult position.} ({Simen's
task was tough, but it looks like after} 42... Qa5 $1 43. Qe4+ Kb6 {Black's
position is still tenable. For instance,} 44. Qa8 bxc4+ 45. Kb2 Kc7 $1 46. Qa7+
Kd8 $11 47. Qxf7 $140 $4 Qb6+ 48. Kc1 Qb3 $19) 43. Qxc4 Qb6+ 44. Kc2 {Now
Black cannot avoid an unpleasant penetration of White's queen.} Qa5 45. Qe4+
Kc7 46. Qa8 $1 $16 c4 $2 {The decisive mistake, which leads to loss of
material.} ({The last chance was} 46... Kd7 47. Qb7+ Ke8 48. Qb8+ Kd7 49. Kb2
Qc7 50. Qxc7+ Kxc7 51. Ne4 Kc6 52. Kb3 Kd5 53. Ng5 Nh6 54. Kc3 $16) 47. Qf8 $1
Kd7 ({It was possible to provide more resistance, but after} 47... Nh6 $1 48.
Qd6+ $1 (48. Qxh6 Qxa3 49. Qg7 Qb3+ 50. Kd2 Qb2+ 51. Kd1 Qxc3 52. Qxf7+ Kd8 $16
) 48... Kc8 49. Ne4 Qa4+ 50. Kd2 Qa5+ 51. Ke2 Nf5 52. Qc6+ Kd8 53. Nd6 Nxd6 54.
exd6 c3 55. Qb7 Qb5+ 56. Qxb5 axb5 57. e4 $18 {White wins anyway.}) 48. Ne4
Qa4+ 49. Kc1 $18 {The Nf5 is restricted, so Black lacks any counterplay.} Qc6
50. Qxf7+ Kc8 51. Nd6+ (51. Ng5 $18 {was also good enough.}) 51... Kd8 ({
The move} 51... Nxd6 {offers no hope:} 52. Qxe6+ Kb7 53. Qe7+ Ka8 54. exd6 $18)
52. Qf8+ Kc7 53. Qc8+ Kb6 54. Qb8+ {One more technical achievement of World
Champion!} ({Black resigns in view of} 54. Qb8+ Kc5 55. Qb4+ Kd5 56. Qd2+ Kc5
57. Qa5+ $18) 1-0

[Event "Gashimov Memorial 2nd"]
[Site "Shamkir"]
[Date "2015.04.21"]
[Round "5"]
[White "Caruana, Fabiano"]
[Black "Giri, Anish"]
[Result "1/2-1/2"]
[WhiteElo "2802"]
[BlackElo "2790"]
[Annotator "Roiz,M"]
[PlyCount "88"]
[EventDate "2015.04.17"]
[EventType "tourn"]
[EventRounds "9"]
[EventCountry "AZE"]
[EventCategory "21"]
[SourceTitle "CBM 166"]
[Source "ChessBase"]
[SourceDate "2015.05.11"]
[SourceVersion "1"]
[SourceVersionDate "2015.05.11"]
[SourceQuality "1"]

1. Nf3 d5 2. d4 Nf6 3. c4 e6 4. g3 {Fabiano has deep theoretical knowledge in
various openings, so predicting his choice is a tough task.} Bb4+ 5. Bd2 Be7 6.
Bg2 O-O 7. O-O c6 8. Qc2 Nbd7 9. Rd1 b6 10. b3 Ba6 11. a4 c5 12. a5 Rc8 {
The most popular continuation.} ({There are a couple of alternatives:} 12...
cxd4 13. Nxd4 Bc5 14. Be1 Rc8 15. Qb2 Bxd4 16. Qxd4 e5 17. Qb2 $14 {1-0 (31)
Tomashevsky,E (2736)-Landa,K (2645)/Sochi 2012/CBM 148}) (12... Qc8 13. cxd5
Nxd5 (13... exd5 14. Nc3 $14) 14. Nc3 N7f6 (14... Nb4 15. Qb2 bxa5 16. Rac1 Rd8
17. Bg5 $14 {1-0 (31) Gyimesi,Z (2595)-Parligras,M (2601)/Germany 2010/EXT 2012
}) 15. Nxd5 exd5 16. Bg5 h6 17. Bxf6 Bxf6 18. Rac1 Qe6 $11 {1/2-1/2 (44)
Nielsen,P (2693)-Almasi,Z (2707)/Beijing 2011/CBM 145 Extra}) 13. Qa2 $5 $146 {
Fabiano comes up with an interesting novelty.} ({A well known theoretical
position arises after:} 13. axb6 Qxb6 {and now White may choose between
different continuations, but none of them poses Black any serious problems.
For instance,} 14. Qa2 (14. Ba5 Qb8 15. dxc5 Bxc5 16. Bc3 Bb7 17. Nbd2 dxc4 18.
bxc4 Qc7 $11) 14... Bb7 15. Ba5 (15. b4 cxb4 16. c5 Nxc5 17. dxc5 Bxc5 18. e3
Ra8 {as was played in Laznicka,V (2690)-Aronian,L (2783)/Plovdiv 2010/CBM 139
gives Black full compensation for a piece at the least.}) 15... Qa6 16. dxc5
Nxc5 17. Nbd2 (17. b4 Nce4 18. c5 Ng4 19. Nd4 Ngxf2 20. b5 Qxa5 21. Qxa5 Bxc5 {
leads to a wild position, where Black is definitely doing well.}) 17... dxc4
18. bxc4 Bd8 19. Ne5 (19. Bb4 Qxa2 20. Rxa2 Bb6 $11) 19... Bxg2 20. Kxg2 Bxa5
21. Qxa5 Qxa5 22. Rxa5 Rc7 {Wang Hao (2752)-Leko,P (2735)/Wijk aan Zee NED
2013 Black was able to neutralise the slight small pressure.}) 13... Nb8 {
The looks extremely passive, but it is not that bad.} ({I guess, Fabiano's
preparation was mainly based on:} 13... b5 14. b4 $1 {and it looks like the
resulting complications are quite promising for White:} cxd4 (14... cxb4 15. c5
Nb8 ({After} 15... Nxc5 16. dxc5 Bxc5 17. Qb2 Ne4 18. e3 $14 {Black doesn't
have sufficient compensation for a piece.}) 16. Ne5 Ne4 17. Bxb4 f6 18. Nd3 Nc6
19. Qb2 $14) (14... bxc4 15. dxc5 Ne4 16. Nc3 Ndf6 17. Rab1 $14) 15. cxb5 Bxb5
16. Nxd4 Ba6 (16... Bc4 17. Qa4 Ne5 18. Na3 Ba6 19. b5 Bb7 20. Rac1 $14) 17.
Na3 Ne5 18. b5 Bb7 19. Qb2 Ne4 20. Bxe4 dxe4 21. Bc3 Bxa3 22. Qxa3 Qg5 23. Rac1
$14) ({However, the safest seems:} 13... Bb7 $1 14. a6 (14. Nc3 dxc4 15. bxc4
cxd4 16. Nb5 (16. Nxd4 Bxg2 17. Kxg2 Qc7 $11) 16... a6 17. Nbxd4 Ne4 18. Be1
Bc5 19. Nb3 Qc7 $11) 14... Bc6 15. Nc3 Qe8 $1 ({A less accurate way is:} 15...
Qc7 16. Bf4 Bd6 17. Bxd6 Qxd6 18. cxd5 Bxd5 (18... Nxd5 19. dxc5 bxc5 20. e4
Nxc3 21. Rxd6 Nxa2 22. Rxa2 $14) 19. Rac1 $14) (15... dxc4 16. bxc4 cxd4 17.
Nxd4 Bxg2 18. Kxg2 Rc5 19. Ncb5 Qa8+ 20. f3 $14) 16. Ne5 cxd4 17. Nxc6 dxc3 18.
Nxe7+ Qxe7 19. Bxc3 Rfd8 {with good chances for equality.}) 14. axb6 ({But} 14.
Nc3 {promises nothing special:} dxc4 15. bxc4 cxd4 16. Nb5 Bxb5 17. cxb5 Bc5
18. Be1 Qe8 19. Nxd4 Bxd4 20. Rxd4 Qxb5 $11) 14... axb6 ({Correctly rejecting} 
14... Qxb6 15. Bf4 Bd6 16. Bxd6 Qxd6 17. Nbd2 $14 {and White is clearly better.
}) 15. Nc3 ({Another tempting continuation was} 15. Qb2 cxd4 16. Nxd4 dxc4 17.
Bf4 {Black's position looks scary now, but the precise} Nfd7 $1 18. bxc4 (18.
Rxa6 Nxa6 19. Nc6 Qe8 20. Nxe7+ Qxe7 21. Bd6 Qf6 22. Qxf6 Nxf6 23. Bxf8 Rxf8
24. bxc4 Nc5 $11) 18... Rxc4 (18... Bf6 19. Bd6 Re8 20. e3 $14) 19. Rxa6 Nxa6
20. Nc6 Qe8 {should solve Black's problems:} 21. Nxe7+ Qxe7 22. Bd6 Qe8 23. Nd2
Rc5 24. Nb3 Rc4 25. e3 Qc8 26. Bxf8 Nxf8 $11) 15... dxc4 {This decision seems
risky - opening up the d-file gives White definite tactical resources.} ({
As in the previous note, the safer way was:} 15... Bb7 16. dxc5 bxc5 17. Qa7
Rc7 (17... Bc6 18. Ne5 Bd6 19. Nxc6 Nxc6 20. Qb7 $14) 18. Bf4 Rd7 19. Ne5 (19.
cxd5 Bxd5 20. Qa4 Bc6 21. Qc4 Qb6 22. Ne5 Rxd1+ 23. Rxd1 Bxg2 24. Kxg2 Nc6 $11)
19... Nc6 20. Nxc6 Bxc6 21. Qa6 Bb7 22. Qb5 Qc8 23. Ra7 $14 {with only a small
edge for White.}) 16. Bf4 cxb3 17. Qxb3 {At the moment Black is a pawn up, but
White's pieces are much more active.} Bb7 $2 {This move leads to a major loss
of material.} ({Giri should have opted for} 17... Bc4 18. Qxc4 cxd4 19. Qb5
Rxc3 20. Nxd4 Nd5 21. Bxd5 Qxd5 22. Qxd5 exd5 23. Nf5 Bf6 24. Rab1 d4 25. Nxd4
$14) ({Or} 17... Nd5 18. Nxd5 exd5 19. dxc5 Bc4 20. Qxb6 Bxc5 21. Qb1 $14 {
In both cases White keeps a definite positional edge, but the reduced material
balance offers Black excellent drawing chances.}) 18. dxc5 Nbd7 19. Ra7 $1 {
The appearance of White's rook on the 7th rank is very unpleasant.} Bxf3 (19...
Bd5 {offered no hope:} 20. Nxd5 exd5 21. cxb6 Nxb6 22. Ne5 Bd6 23. Bh3 Bxe5 24.
Bxe5 Rc4 25. Rb7 Na4 26. Qxc4 dxc4 27. Rxd8 Rxd8 28. Rb4 $18) 20. Bxf3 Nxc5 ({
After} 20... Bxc5 21. Bb7 Rc7 22. Bxc7 Qxc7 23. Nb5 Qe5 24. Bf3 $18 {White
should be able to convert the material and positional advantages into a full
point.}) 21. Qb1 Ncd7 (21... Qe8 {didn't help to save material either:} 22. Nb5
Rd8 (22... Nd5 23. Bd6 $18) 23. Nd6 Bxd6 24. Bxd6 $18) 22. Nb5 Rc5 23. Bc7 ({
White has missed a very clean way to a victory:} 23. Be3 $1 {Suddenly it turns
out, that Black's rook doesn't have a normal square for retreat:} Rc4 (23...
Rc8 24. Bg5 Qe8 25. Nc7 Qd8 26. Bxf6 Bxf6 27. Nb5 $18) 24. Qa2 Rb4 25. Nc7 Qb8
26. Nxe6 fxe6 27. Qxe6+ Kh8 28. Qxe7 Qxa7 29. Qxb4 $18) 23... Qc8 24. Bd6 $2 {
That only leads to a simplifications, which are suitable for Black.} ({Luckily
for Anish, Fabiano has failed to find} 24. Qd3 $1 Nd5 {(I hardly can see any
other reasonable move)} 25. Nd6 Qxc7 26. Rxc7 Ne5 (26... Rxc7 27. Bxd5 exd5 28.
Qxd5 Nf6 29. Qb3 $18) 27. Rxc5 Nxd3 28. Rxd5 Nb2 (28... exd5 29. Nf5 $18) 29.
Nc4 $1 Nxc4 30. Rd7 Bc5 31. Rc7 $18 {some technical work is still required,
but White's position is winning here.}) 24... Bxd6 25. Nxd6 Qd8 ({Of course,
not} 25... Qb8 $2 26. Rb7 Qd8 27. Ne4 Rd5 28. Nxf6+ Nxf6 29. Bxd5 Nxd5 30. Ra7
$18) 26. Ne4 Rc7 {Now the Ra7 is unprotected, so Black manages to maintain the
material balance.} 27. Nxf6+ gxf6 28. Qa1 Re8 $1 {The only, but sufficient
defence.} (28... Qc8 $2 29. Ra8 Nb8 30. Qxf6 $18) 29. Bc6 ({After} 29. Rd4 f5
$1 ({But} 29... Rxa7 {is less accurate:} 30. Qxa7 Re7 31. Bc6 Nf8 $1 32. Qa1
Qc8 33. Rg4+ Ng6 34. Qxf6 $14) 30. Bc6 Rxc6 31. Rdxd7 Qg5 32. Kg2 Rf8 {White's
advatage would be rather symbolic.}) 29... Re7 30. Ra8 ({There are no special
prospects after} 30. Rxc7 Qxc7 31. Qa3 Nf8 32. h4 Kg7 33. h5 h6 $11) 30... Rc8
31. Rxc8 Qxc8 $11 {Black has finally consolidated.} 32. Qa3 Nc5 33. Qf3 Kg7 ({
There was also nothing wrong with} 33... f5 $5) 34. Rd4 f5 35. Rh4 {This move
isn't scary, since White cannot create any serious threats.} Ra7 36. h3 Ne4 ({
Anish could have tried} 36... Ra1+ 37. Kg2 Kg8 38. Bb5 Qb7 39. Bc6 Qc7 {
though after} 40. Bb5 {the vulnerablity of Black's king gives White sufficient
counterplay.}) 37. Bxe4 Qc1+ 38. Kh2 Ra1 39. Qh1 {Liqudating into a drawish
rook ending. The remaining few moves didn't change much.} fxe4 40. Qxc1 Rxc1
41. Rxe4 b5 42. Re5 b4 43. Rb5 Rc2 44. Rxb4 Rxe2 1/2-1/2